[Event "9th Open"]
[Site "Dubai UAE"]
[Date "2007.04.29"]
[Round "8"]
[White "Adly,A"]
[Black "Kayumov,S"]
[Result "1/2-1/2"]
[WhiteElo "2503"]
[BlackElo "2425"]

1.d4 d5 2.Nf3 Nf6 3.c4 c6 4.Nc3 dxc4 5.a4 Bf5 6.Ne5 Na6 7.f3 Nd7 8.Nxc4 e5
9.dxe5 Qh4+ 10.g3 Qxc4 11.e4 Qc5 12.exf5 Qxe5+ 13.Kf2 Nb4 14.Bh3 Bc5+ 15.Kg2 O-O
16.Bg5 Nf6 17.Qb3 Qd4 18.Rhf1 Nfd5 19.Ne4 Ne3+ 20.Bxe3 Qxe3 21.Qc4 Nd3 22.Qc2 Rad8
23.f6 Rfe8 24.Kh1 Rxe4 25.fxe4 Nf2+ 26.Qxf2 Qxf2 27.Rxf2 Bxf2 28.Bg4 Bd4
29.Rd1 Bxf6 30.Rxd8+ Bxd8 31.Kg2 Kf8 32.Bc8 b6 33.Bb7 c5 34.b3 Ke7 35.Kf3 Bc7
36.h3 Kd6 37.Bd5 f6 38.Kf4 a6 39.Bg8 b5 40.axb5 axb5 41.Bxh7 c4 42.bxc4 Kc5+
43.Ke3 Kxc4 44.e5 Bxe5 45.Bd3+ Kc5 46.g4 b4 47.h4 b3 48.Kd2 Kd4 49.Bf5 Bf4+
50.Kd1 Kc3 51.h5 Bh6 52.Be6 Bg5 53.Bf7 Bf4 54.Be6 Kb2 55.Bf7 Ka3 56.Be6 Bg5
57.Bf7 Ka2 58.Be6 Kb2 59.Bf7 Bf4 60.Be6 Kc3 61.Bf7 f5 62.gxf5 b2 63.Ba2 Kd3
64.Bb1+ Ke3 65.Kc2 Be5 66.Kd1 Bf6 67.Bc2 Bc3 68.Bb1 Be5 69.Bc2 Bc3 70.Bb1 Kf3
71.Kc2 Bf6 72.Ba2 Kg4 73.Bf7 Kxf5  1/2-1/2

[Event "ch-LTU"]
[Site "Siauliai LTU"]
[Date "2007.05.05"]
[Round "1"]
[White "Butnorius,A"]
[Black "Beinoras,M"]
[Result "1/2-1/2"]
[WhiteElo "2402"]
[BlackElo "2254"]

1.d4 d5 2.c4 c6 3.Nf3 Nf6 4.Nc3 dxc4 5.a4 Bf5 6.e3 e6 7.Bxc4 Bb4 8.O-O O-O
9.Qe2 Bg4 10.h3 Bxf3 11.Qxf3 Nbd7 12.Rd1 e5 13.Bb3 Qa5 14.Bd2 Rad8 15.Rac1 Rfe8
16.Be1 exd4 17.exd4 Nb6 18.Rd3 Rd7 19.Rcd1  1/2-1/2

[Event "TCh-RUS HL"]
[Site "Sochi RUS"]
[Date "2007.05.09"]
[Round "7"]
[White "Kljucharev,S"]
[Black "Batsanin,D"]
[Result "0-1"]
[WhiteElo "2314"]
[BlackElo "2452"]

1.Nf3 d5 2.d4 Nf6 3.c4 c6 4.Nc3 dxc4 5.a4 Bf5 6.e3 e6 7.Bxc4 Bb4 8.O-O Nbd7
9.Nh4 O-O 10.Nxf5 exf5 11.Qb3 Qe7 12.Be2 Rab8 13.Bf3 a6 14.Rd1 Bd6 15.Bd2 Ne4
16.Be1 Ndf6 17.Rac1 Rfe8 18.g3 h5 19.Qc4 h4 20.Rb1 Ng5 21.Bg2 hxg3 22.hxg3 Ng4
23.Qd3 Qf6 24.Ne2 Re4 25.b4 Rbe8 26.Rb3 Qh6 27.b5 Nh2 28.Nc3 Nh3+ 29.Bxh3 Qxh3
30.Qe2 g5 31.Nb1 g4 32.Nd2 f4 33.f3 Nxf3+ 34.Nxf3 gxf3 35.Qxf3 Rxe3 36.Rxe3 Rxe3
37.Qg2 Qxg2+ 38.Kxg2 fxg3 39.bxa6 bxa6 40.Rc1 Bf4 41.Rb1 f5 42.Bb4 Re2+ 43.Kf1 Rf2+
44.Ke1 Rh2 45.Rb3 Rh1+  0-1

[Event "16th TCh-CRO"]
[Site "Sibenik CRO"]
[Date "2007.05.18"]
[Round "2"]
[White "Zaja,I"]
[Black "Jovanic,O"]
[Result "1/2-1/2"]
[WhiteElo "2460"]
[BlackElo "2488"]

1.d4 d5 2.c4 c6 3.Nf3 Nf6 4.Nc3 dxc4 5.a4 Bf5 6.Ne5 Nbd7 7.Nxc4 Qc7 8.g3 e5
9.dxe5 Nxe5 10.Bf4 Nfd7 11.Bg2 g5 12.Ne3 gxf4 13.Nxf5 O-O-O 14.Qc2 Nc5 15.O-O fxg3
16.hxg3 a5 17.Rad1 h5 18.Rxd8+ Qxd8 19.Rd1 Qf6 20.Rd4 Kb8 21.e3 Ne6 22.Rd1 Ng6
23.Nd6 Bxd6 24.Ne4 Qf5 25.Rxd6 h4 26.Rd7 Nc5 27.Rd2 Nxe4 28.Qxe4 Qxe4 29.Bxe4 hxg3
30.fxg3 Ne5 31.Rd4 Kc7 32.Kg2 Re8 33.Bf5 Rd8 34.b3 Rd5 35.Rxd5 cxd5 36.Kf2 Kd6
37.Ke2 Kc5 38.Bc8 b6 39.Bb7 d4 40.Kd2 Ng4 41.exd4+ Kxd4 42.Bf3 Ne5 43.Bh5 f6
44.Be2 Nd7 45.Bd3 Nc5 46.Bc2 Ne6 47.Bf5 Ng5 48.g4 Ne4+ 49.Kc2 Ke3 50.b4 Kd4
51.bxa5 bxa5 52.Bd7 Kc4 53.Be8 Kb4 54.Kc1 Nc3 55.Kd2 Nxa4 56.Ke3 Nc5 57.Kf4 Ne6+
58.Ke4 Kc5 59.Bd7 Kd6 60.Bb5 Ng5+ 61.Kf5 Ke7 62.Ba4 Ne6 63.Kg6 Nc5 64.Bc2 Ne6
65.Bb3 Nd4 66.Ba4 Ke6 67.g5 f5 68.Kh7 f4 69.g6 Nf5 70.Bc2 Ne7 71.Bd1 Kf6
72.g7 Kg5 73.g8=Q+ Nxg8 74.Kxg8 Kg6 75.Kf8 Kf6 76.Kg8 Ke5 77.Kf7  1/2-1/2

[Event "1st WCh-Team Women"]
[Site "Ekaterinburg RUS"]
[Date "2007.05.20"]
[Round "1"]
[White "Zhao Xue"]
[Black "Le Kieu Thien Kim"]
[Result "1-0"]
[WhiteElo "2467"]
[BlackElo "2298"]

1.d4 d5 2.c4 c6 3.Nc3 Nf6 4.Nf3 dxc4 5.a4 Bf5 6.Ne5 e6 7.f3 Bb4 8.e4 Bxe4
9.fxe4 Nxe4 10.Bd2 Qxd4 11.Nxe4 Qxe4+ 12.Qe2 Bxd2+ 13.Kxd2 Qd4+ 14.Kc2 O-O
15.Nxc4 Na6 16.Qe5 Qg4 17.Ne3 Qg6+ 18.Kc3 Rae8 19.Bxa6 bxa6 20.Rad1 f6 21.Qg3 Qh5
22.Rd7 Rf7 23.Rxf7 Qxf7 24.Rd1 Qb7 25.Nc4 c5 26.b3 e5 27.Qg4 e4 28.Rd7  1-0

[Event "3rd UKR Games Women"]
[Site "Evpatoria UKR"]
[Date "2007.05.22"]
[Round "2"]
[White "Kostiukova,L"]
[Black "Kononenko,T"]
[Result "1/2-1/2"]
[WhiteElo "2323"]
[BlackElo "2382"]

1.d4 d5 2.c4 c6 3.Nf3 Nf6 4.Nc3 dxc4 5.a4 Bf5 6.e3 e6 7.Bxc4 Bb4 8.O-O O-O
9.Qe2 Bg6 10.Rd1 Nbd7 11.Bd2 Qe7 12.Rac1 Bh5 13.e4 e5 14.d5 h6 15.h3 Bxf3
16.Qxf3 Nb6 17.Bb3 Rfd8 18.dxc6 bxc6 19.Nb1 Bxd2 20.Nxd2 Rd4 21.a5 Nbd7 22.Rxc6 Rd8
23.Qc3 Nf8 24.Rc7 R8d7 25.Rxd7 Qxd7 26.f3 Ng6 27.Qc2 Nf4 28.Nc4 Qb5 29.Rxd4 exd4
30.Nd6 Qxa5 31.Nxf7 Qe1+ 32.Kh2 Kh7 33.e5+ d3 34.Qd1 Qe2 35.Qg1 Qxb2 36.exf6 Qxb3
37.Qxa7 Ne6 38.Nd8 Qc3 39.Nxe6 Qxf6 40.Qe3 d2 41.Qd3+ Kh8 42.Qd6 d1=Q 43.Qxd1 Qxe6
44.Qd8+ Kh7 45.Qd3+ Kh8 46.Qe4 Qd6+ 47.f4 Qd2 48.Qe5 Qd3 49.f5 Qf1 50.Qe4 Qf2
51.h4 Kg8 52.Kh3 Qb2 53.Qf3 Qd4 54.g4 Qd7 55.g5 hxg5 56.hxg5 g6 57.Kg4 Qxf5+
58.Qxf5 gxf5+ 59.Kxf5 Kf7 60.g6+ Kg7 61.Kg5 Kg8 62.Kf6 Kf8 63.g7+ Kg8 64.Kf5 Kxg7  1/2-1/2

[Event "50th TCh-SRB Cup"]
[Site "Mataruska Banja SRB"]
[Date "2007.05.23"]
[Round "3"]
[White "Lajthajm,B"]
[Black "Solak,D"]
[Result "1/2-1/2"]
[WhiteElo "2514"]
[BlackElo "2575"]

1.d4 d5 2.Nf3 Nf6 3.c4 c6 4.Nc3 dxc4 5.a4 Bf5 6.Ne5 e6 7.f3 Bb4 8.e4 Bxe4
9.fxe4 Nxe4 10.Bd2 Qxd4 11.Nxe4 Qxe4+ 12.Qe2 Bxd2+ 13.Kxd2 Qd5+ 14.Kc2 O-O
15.Nxc4 b5 16.Ne3 Qe5 17.axb5 cxb5 18.Kb1 Rd8  1/2-1/2

[Event "8th United Insurance"]
[Site "Dhaka BAN"]
[Date "2007.05.27"]
[Round "1"]
[White "Rahman,Zia"]
[Black "Hasan,Me"]
[Result "1-0"]
[WhiteElo "2543"]
[BlackElo "2269"]

1.d4 d5 2.Nf3 Nf6 3.c4 c6 4.Nc3 dxc4 5.a4 Bf5 6.e3 e6 7.Bxc4 Bb4 8.O-O O-O
9.Qe2 Nbd7 10.e4 Bg6 11.Bd3 h6 12.Bf4 Re8 13.h3 Rc8 14.Rfd1 a6 15.Na2 Bf8
16.b4 a5 17.bxa5 Qxa5 18.Nc1 c5 19.Nb3 Qb4 20.Bd2 Qxb3 21.Rdb1 Qxd3 22.Qxd3 c4
23.Qe3 Bxe4 24.Rb5 Bc6 25.Rb2 Nd5 26.Qe1 N7b6 27.a5 Na4 28.Rba2 b5 29.axb6 Naxb6
30.Ra7 f6 31.Qb1 Rb8 32.Qg6 Nc8 33.Qf7+ Kh7 34.R7a6 Nd6 35.Qh5 Bb7 36.Ra7 g6
37.Qh4 c3 38.Bc1 Nb5 39.R7a5 Bc6 40.Qe4 f5 41.Qe2 Bb4 42.Ra6 Bd7 43.Ne5 Bc8
44.Ra8 Rb7 45.Qc4 Nd6 46.Qd3 Rc7 47.R1a7 Ree7 48.Rxc7 Rxc7 49.Qg3 g5 50.Nd3 Ne4
51.Qxc7+ Nxc7 52.Rxc8 Ba5 53.Kf1 Nd6 54.Rd8 Ndb5 55.Rd7+ Kg8 56.Nc5 Bb4 57.h4 c2
58.hxg5 hxg5 59.Ke2 Bxc5 60.dxc5 Na6 61.c6 Kf8 62.Bxg5 Nc3+ 63.Ke1 e5 64.c7 Nxc7
65.Rxc7  1-0

[Event "8th United Insurance"]
[Site "Dhaka BAN"]
[Date "2007.05.28"]
[Round "2"]
[White "Lalith,B"]
[Black "Murshed,N"]
[Result "0-1"]
[WhiteElo "2320"]
[BlackElo "2447"]

1.Nf3 Nf6 2.c4 c6 3.d4 d5 4.Nc3 dxc4 5.a4 Bf5 6.Nh4 Bc8 7.e3 Bg4 8.Nf3 e6
9.Bxc4 Bb4 10.Qb3 Qe7 11.Ne5 Nbd7 12.Nxg4 Nxg4 13.h3 Ngf6 14.O-O O-O 15.Na2 Bd6
16.Qxb7 Rfb8 17.Qxc6 Rc8 18.Qf3 e5 19.Nc3 e4 20.Qe2 Bb8 21.f4 exf3 22.Qxf3 Qd6
23.Bb3 Qh2+ 24.Kf2 Bc7 25.Nd5 Bd6 26.Bd2 Rab8 27.Nxf6+ Nxf6  0-1

[Event "8th United Insurance"]
[Site "Dhaka BAN"]
[Date "2007.05.29"]
[Round "3"]
[White "Chatterjee,D"]
[Black "Minhazuddin,A"]
[Result "1/2-1/2"]
[WhiteElo "2205"]
[BlackElo "2225"]

1.d4 d5 2.c4 c6 3.Nf3 Nf6 4.Nc3 dxc4 5.a4 Bf5 6.e3 e6 7.Bxc4 Nbd7 8.O-O Bb4
9.Qb3 a5 10.Na2 Be7 11.Nh4 Bg6 12.Qxb7 Rb8 13.Qa6 Ra8 14.Qxc6 Be4 15.Qb5 g5
16.Nf3 Rb8 17.Qa6 Bb7 18.Qa7 Bxf3 19.gxf3 Ra8 20.Qb7 Rb8  1/2-1/2

[Event "8th United Insurance"]
[Site "Dhaka BAN"]
[Date "2007.05.29"]
[Round "3"]
[White "Murshed,N"]
[Black "Nguyen Anh Dung"]
[Result "0-1"]
[WhiteElo "2447"]
[BlackElo "2528"]

1.Nf3 Nf6 2.c4 c6 3.d4 d5 4.Nc3 dxc4 5.a4 Bf5 6.e3 e6 7.Bxc4 Bb4 8.Ne5 Nbd7
9.Nxd7 Qxd7 10.O-O O-O 11.f3 Rfd8 12.Qe2 Bg6 13.Na2 Be7 14.b3 a6 15.a5 c5
16.Bb2 Qc7 17.Nc1 Nd5 18.Kh1 cxd4 19.Bxd4 e5 20.Bb2 Bg5 21.e4 Ne3 22.Re1 Nxc4
23.Qxc4 Qxc4 24.bxc4 f6 25.Nb3 Bf7 26.Bc1 Bxc1 27.Rexc1 Rac8 28.Kg1 Bxc4
29.Rab1 Rc6 30.Rc3 Rdc8 31.Rd1 Be6 32.Rcd3 Rc3 33.Rxc3 Rxc3 34.Nd2 Rc5 35.Rb1 Rb5
36.Kf2 Rxb1 37.Nxb1 Kf7 38.Ke3 Ke7 39.Kd3 Kd6 40.Kc3 Kc5 41.Na3 h6 42.h4 g5
43.h5 g4 44.fxg4 Bxg4 45.Nc4 Bxh5 46.Nb6 Kd6 47.Nd5 Bg6 48.Nxf6 Ke6 49.Ng4 Bxe4
50.g3 h5 51.Ne3 Bf3 52.Kc4 Kd6 53.Nf5+ Kc6 54.Ne7+ Kd7 55.Nf5 Bg4 56.Ne3 Ke6  0-1

[Event "8th United Insurance"]
[Site "Dhaka BAN"]
[Date "2007.05.30"]
[Round "4"]
[White "Lalith,B"]
[Black "Rahman,Zia"]
[Result "1/2-1/2"]
[WhiteElo "2320"]
[BlackElo "2543"]

1.Nf3 d5 2.d4 c6 3.c4 Nf6 4.Nc3 dxc4 5.a4 Bf5 6.Nh4 Bg4 7.h3 Bh5 8.g4 Bg6
9.Nxg6 hxg6 10.e3 e6 11.Qf3 Bb4 12.Bd2 Nbd7 13.Bxc4 Qa5 14.h4 Nd5 15.e4 N5b6
16.Bb3 c5 17.d5 c4 18.Bc2 exd5 19.exd5 O-O-O 20.O-O-O Rhf8 21.Qf4 f6 22.Nb5 Ne5
23.Bxb4 Qxb4 24.Nc3 Kb8 25.Kb1 Ka8 26.Rd2 Nc8 27.Rhd1 Nd6 28.Qg3 Rh8 29.Re2 Rc8
30.f4 Nd3 31.Bxd3 cxd3 32.Rxd3 Rc4 33.Qe3 Rxf4 34.Nb5 b6 35.Nxd6 Qxd6 36.Qe6 Rd8
37.a5 bxa5 38.Qxd6 Rxd6 39.Re6 Rd7 40.d6 Kb7 41.g5 Kc6 42.Kc2 Rf5 43.gxf6 Rxf6
44.Re5 Rdxd6 45.Rc3+ Kd7 46.Rxa5 a6 47.Rac5 Ke7 48.Rc7+ Rd7 49.R7c4 Kf8 50.Rg3 Rb7
51.Kc3 Rfb6 52.Rf4+ Kg8 53.Rfg4 Rb3+ 54.Kc4  1/2-1/2

[Event "8th United Insurance"]
[Site "Dhaka BAN"]
[Date "2007.06.01"]
[Round "7"]
[White "Rahman,Tai"]
[Black "Hasan,Me"]
[Result "0-1"]
[WhiteElo "2269"]
[BlackElo "2269"]

1.d4 d5 2.c4 c6 3.Nf3 Nf6 4.Nc3 dxc4 5.a4 Bf5 6.Ne5 Nbd7 7.Nxc4 Nb6 8.Ne5 a5
9.g3 Nfd7 10.Nxd7 Qxd7 11.Bg2 Bh3 12.Bxh3 Qxh3 13.Qb3 Ra6 14.d5 e6 15.dxe6 Qxe6
16.Qxe6+ fxe6 17.O-O Bb4 18.Rd1 O-O 19.Ne4 Nd5 20.Bd2 Rb6 21.Bc3 Bxc3 22.bxc3 Rb2
23.Re1 b6 24.c4 Nb4 25.c5 bxc5 26.Nxc5 Rd8 27.Nxe6 Rdd2 28.Rad1 Rxd1 29.Rxd1 Rxe2
30.Ng5 Re8 31.Rd7 h6 32.Nf3 c5 33.Rc7 Nd3 34.Ra7 c4 35.Rxa5 c3 36.Nd4 Re4
37.Nc2 Ne1 38.Kf1 Nxc2 39.Rc5 Re1+ 40.Kg2 Rc1 41.a5 Ne1+ 42.Kh3 c2 43.a6 Ra1  0-1

[Event "8th United Insurance"]
[Site "Dhaka BAN"]
[Date "2007.06.01"]
[Round "7"]
[White "Rahman,Zia"]
[Black "Abdul,Mal"]
[Result "1/2-1/2"]
[WhiteElo "2543"]
[BlackElo "2255"]

1.d4 d5 2.c4 c6 3.Nf3 Nf6 4.Nc3 dxc4 5.a4 Bf5 6.e3 e6 7.Bxc4 Bb4 8.O-O O-O
9.Qe2 Nbd7 10.e4 Bg6 11.Bd3 h6 12.h3 Re8 13.Bf4 Rc8 14.Rfd1 a6 15.Na2 Bf8
16.b4 a5 17.bxa5 Qxa5 18.Nc1 c5 19.Nb3 Qa7 20.dxc5 Nxc5 21.Nxc5 Bxc5 22.a5 Red8
23.Ne5 Bh7 24.Nc4 Bd4 25.Rac1 g5 26.Bg3 Bxe4 27.Nd6 Rxc1 28.Rxc1 Bxd3 29.Qxd3 Ne8
30.Nxe8 Rxe8 31.Rc7 e5 32.Qb5 Re6 33.Rc8+ Kg7 34.Qb4 Rf6 35.Kh2 Qa6 36.Qf8+ Kg6
37.Qg8+ Kh5 38.Qg7 e4 39.Rc1 Qe2 40.Rg1 e3 41.Bc7 Qxf2 42.Rf1 Rf4 43.Rxf2 Bxg7
44.g4+ Kg6 45.Rxf4 gxf4 46.Bxf4 Bc3 47.Bxe3 Bxa5 48.Kg2 h5 49.Kf3 hxg4+ 50.hxg4 Bd8
51.Ke4 Bg5 52.Bb6 Bd2 53.Bd8 f6 54.Kd3 Bf4 55.Kc4 Kg5 56.Kb5 Be3 57.Be7 Bd4
58.Bd8 Kg6 59.Be7 Kf7 60.Bd8 Ke6 61.Bc7 Be5 62.Ba5 Kd7 63.Bb4 Bc7 64.Bc3 Ke6
65.Bd4 Kf7 66.Be3 Ke6 67.Bf2 Kd5 68.Bh4 Ke6 69.Be1 Kd7 70.Bd2 Be5 71.Be3 Kc7
72.Bh6 Kd7 73.Bg7 Ke7 74.Bxf6+  1/2-1/2

[Event "FSIMA June"]
[Site "Budapest HUN"]
[Date "2007.06.02"]
[Round "1"]
[White "Johannesson,I"]
[Black "Corke,A"]
[Result "1/2-1/2"]
[WhiteElo "2299"]
[BlackElo "2154"]

1.d4 Nf6 2.c4 c6 3.Nc3 d5 4.Nf3 dxc4 5.a4 Bf5 6.Ne5 Nbd7 7.Nxc4 Nb6 8.Ne5 a5
9.g3 Nbd5 10.Bg2 Nb4 11.e4 Bg6 12.O-O Nd7 13.Nc4 e6 14.f4 f6 15.Qe2 Bf7 16.e5 f5
17.Be3 Be7 18.Bf2 O-O 19.Rad1 Nb8 20.Rd2 N8a6 21.Rc1 Nc7 22.Ne3 Be8 23.Qc4 Ncd5
24.Qb3 Bd7 25.Bf1 Rc8 26.Rcd1 g5 27.Nexd5 cxd5 28.Be3 g4 29.Nb5 Qb6 30.Bf2 Kf7  1/2-1/2

[Event "TCh-BIH"]
[Site "Vogosca BIH"]
[Date "2007.06.02"]
[Round "1"]
[White "Lekic,D"]
[Black "Galic,I"]
[Result "1/2-1/2"]
[WhiteElo "2340"]
[BlackElo "2260"]

1.d4 d5 2.c4 c6 3.Nf3 Nf6 4.Nc3 dxc4 5.a4 Bf5 6.Ne5 Nbd7 7.Nxc4 Nb6 8.Ne5 a5
9.Bg5 Nbd5 10.e4 Nxc3 11.bxc3 Bxe4 12.Qb3 Bd5 13.c4 Be6 14.d5 Bf5 15.Qf3 Bg6
16.Nxg6 hxg6 17.dxc6 bxc6 18.Qxc6+ Nd7 19.Rd1 Rc8 20.Qb5 Qc7 21.Be2 e6 22.Bf4 Bb4+
23.Kf1 Qc6 24.c5 Rh5 25.Rd6 Qxb5 26.Bxb5 Rd8 27.Ke2 Rxc5 28.Rd3 e5 29.Be3 Rc2+
30.Kf3 Ke7 31.Rhd1 e4+ 32.Kxe4 Nf6+ 33.Kf3 Rxd3 34.Rxd3 Bc5 35.Bd2 Bb4 36.Bg5 Bc5
37.Bd2 Bb4 38.Be3 Bc5 39.g4 Bxe3 40.Rxe3+ Kd6 41.Rd3+ Kc5 42.g5 Nh7 43.h4 f6
44.Rd7 Rc3+ 45.Kf4 Nf8 46.Rc7+ Kd4 47.Re7 Kd5 48.gxf6 Ne6+ 49.Kg4 gxf6 50.f3 f5+
51.Kg3 Nd4 52.Ra7 Rxf3+ 53.Kg2 Rf4 54.h5 Rg4+ 55.Kf2 gxh5 56.Rxa5 Nxb5 57.Rxb5+  1/2-1/2

[Event "XV Lasker Mem Open A"]
[Site "Barlinek POL"]
[Date "2007.06.07"]
[Round "6"]
[White "Czerwonski,A"]
[Black "Jagodzinski,P"]
[Result "1-0"]
[WhiteElo "2384"]
[BlackElo "2120"]

1.d4 d5 2.c4 c6 3.Nf3 Nf6 4.Nc3 dxc4 5.a4 Bf5 6.e3 e6 7.Bxc4 Be7 8.O-O O-O
9.Qe2 a6 10.e4 Bg6 11.Rd1 Qb6 12.Bg5 Re8 13.Bd3 Nbd7 14.e5 Nd5 15.Bxg6 hxg6
16.Nxd5 cxd5 17.Bxe7 Rxe7 18.Rac1 Qd8 19.Qc2 Nb6 20.Qb3 Nc4 21.Ng5 f6 22.Nf3 Rc7
23.Qc2 Rac8 24.Qb1 Kf7 25.h4 Rc6 26.h5 f5 27.hxg6+ Kxg6 28.g4 Qe7 29.Kg2 Kh7
30.gxf5 exf5 31.b3 Rg6+ 32.Kf1 Na3 33.Qxf5 Rf8 34.Qd3 Rf4 35.Ke2 Re4+ 36.Kd2 Rg2
37.Rf1 Qb4+ 38.Qc3 Qxc3+ 39.Kxc3 Re2 40.Ne1 Rgxf2 41.Rxf2 Rxf2 42.Nd3 Rf3
43.Ra1 b5 44.Rxa3 b4+ 45.Kxb4 Rxd3 46.Kc5 Rc3+ 47.Kxd5 g5 48.Ra1 Rxb3 49.e6 Kg6
50.Re1 Rb8 51.Kd6 Rd8+ 52.Kc7 Ra8 53.d5 Kf6 54.d6 g4 55.d7  1-0

[Event "FSGM June"]
[Site "Budapest HUN"]
[Date "2007.06.07"]
[Round "6"]
[White "Erdos,V"]
[Black "Haznedaroglu,K"]
[Result "1-0"]
[WhiteElo "2518"]
[BlackElo "2440"]

1.d4 d5 2.c4 c6 3.Nf3 Nf6 4.Nc3 dxc4 5.a4 Bf5 6.e3 e6 7.Bxc4 Bb4 8.O-O O-O
9.Qe2 Bg6 10.Ne5 Nbd7 11.Nxg6 hxg6 12.Na2 Bd6 13.e4 e5 14.f4 exd4 15.e5 Bc5
16.Kh1 Nd5 17.b4 Be7 18.a5 b6 19.Bd2 bxa5 20.bxa5 Re8 21.Qe4 Rb8 22.Qxd4 Bc5
23.Qe4 Nf8 24.Rad1 Rb7 25.Nc3 Rd7 26.Qe1 Nxc3 27.Bxc3 Ne6 28.Rxd7 Qxd7 29.Qe4 Rd8
30.g4 Bd4 31.Be1 c5 32.Bh4 Kf8 33.f5 gxf5 34.gxf5 Qa4 35.Bd3 c4 36.Bc2 Nc5
37.Qg2 Qd7 38.Bf6 g6 39.fxg6 Nd3 40.Bxd3 cxd3 41.gxf7  1-0

[Event "XV Lasker Mem Open A"]
[Site "Barlinek POL"]
[Date "2007.06.09"]
[Round "9"]
[White "Klim,K"]
[Black "Jagodzinski,P"]
[Result "0-1"]
[WhiteElo "2108"]
[BlackElo "2120"]

1.d4 d5 2.c4 c6 3.Nf3 Nf6 4.Nc3 dxc4 5.a4 Bf5 6.e3 e6 7.Bxc4 Be7 8.O-O O-O
9.Qe2 Nbd7 10.Rd1 Re8 11.e4 Bg6 12.Bd3 a6 13.Bg5 Nf8 14.e5 Nd5 15.Bxe7 Nxc3
16.bxc3 Rxe7 17.Bxg6 Nxg6 18.h4 Rd7 19.Qe4 h6 20.h5 Ne7 21.Rd3 c5 22.Rad1 cxd4
23.cxd4 Rc8 24.Qg4 Rc4 25.Nd2 Rcxd4 26.Rxd4 Rxd4 27.Qe2 Qd5 28.Kf1 Nc6 29.Ke1 Nxe5
30.f3 Nd3+ 31.Kf1 Nb2  0-1

[Event "5th V Nabokov Mem"]
[Site "Kyiv UKR"]
[Date "2007.06.09"]
[Round "8"]
[White "Golichenko,I"]
[Black "Perun,S"]
[Result "1-0"]
[WhiteElo "2316"]
[BlackElo "2356"]

1.d4 d5 2.c4 c6 3.Nf3 Nf6 4.Nc3 dxc4 5.a4 Bf5 6.Ne5 e6 7.g3 Bb4 8.Bg2 Nbd7
9.Nxc4 Be4 10.O-O Bxg2 11.Kxg2 Nb6 12.Ne5 a5 13.f3 O-O 14.e4 Rc8 15.Be3 c5
16.Nb5 cxd4 17.Bxd4 Nc4 18.Nxc4 Rxc4 19.Rc1 Qc8 20.b3 Rc6 21.Na7 Rxc1 22.Qxc1 Qd7
23.Bb6 Qd3 24.Qd1 Qa6 25.Bf2 Ra8 26.Qd4 h5 27.Rc1 Qe2 28.h4 Re8 29.Qd1 Qxd1
30.Rxd1 Re7 31.Rd8+ Re8 32.Rd3 Re7 33.Kf1 Rc7 34.Be3 Rc2 35.Nb5 e5 36.Bb6 Nh7
37.Nd6 Rc6 38.Nc4 g5 39.Rd5 f6 40.Bxa5 Bc5 41.Rd8+ Nf8 42.hxg5 Kf7 43.Rb8 Ng6
44.Rxb7+ Ke6 45.Rg7 Nf8 46.gxf6 Kxf6 47.Rc7 Rxc7 48.Bxc7 Nd7 49.a5 Ke6 50.Bb6 Nxb6
51.Nxb6 Bd4 52.Nc4 Kd7 53.a6 Kc6 54.a7 Kb7 55.Nd6+  1-0

[Event "Salongernas IM"]
[Site "Stockholm SWE"]
[Date "2007.06.10"]
[Round "2"]
[White "Olsson,L"]
[Black "Blomqvist,E"]
[Result "1/2-1/2"]
[WhiteElo "2368"]
[BlackElo "2291"]

1.Nf3 d5 2.d4 Nf6 3.c4 c6 4.Nc3 dxc4 5.a4 Bf5 6.Nh4 Bc8 7.e3 e5 8.Bxc4 exd4
9.exd4 Be7 10.O-O O-O 11.Re1 Na6 12.Bg5 Nc7 13.Qb3 Nfd5 14.Bxe7 Nxe7 15.Nf3 Rb8
16.Ne5 Be6 17.Bxe6 Nxe6 18.Rad1 Nf4 19.Re4 Ned5 20.g3 Nxc3 21.bxc3 Qd5 22.Qxd5 Nxd5
23.Rc1 Rfe8 24.c4 Nc7  1/2-1/2

[Event "Salongernas IM"]
[Site "Stockholm SWE"]
[Date "2007.06.12"]
[Round "4"]
[White "Lund,E"]
[Black "Blomqvist,E"]
[Result "1/2-1/2"]
[WhiteElo "2309"]
[BlackElo "2291"]

1.d4 d5 2.c4 c6 3.Nf3 Nf6 4.Nc3 dxc4 5.a4 Bf5 6.e3 e6 7.Bxc4 Bb4 8.O-O Nbd7
9.Qe2 Bg6 10.e4 O-O 11.Bd3 Bh5 12.e5 Nd5 13.Nxd5 cxd5 14.Qe3 Bg6 15.Ng5 Re8
16.f4 Bxd3 17.Qxd3 f5 18.Be3 Nf8 19.Rfc1 Qd7 20.Rc2 Rac8 21.Rac1 Rxc2 22.Qxc2 Re7
23.Nf3 Qe8 24.Bd2 Bxd2 25.Nxd2 Nd7 26.b4 Kf7 27.Kf2 h6 28.h3 Nb6 29.b5 Qd8
30.Kf3 Rd7 31.Qc5 g5 32.a5 Nc4 33.Nxc4 dxc4 34.Rxc4 Qxa5 35.fxg5 hxg5 36.Kg3 Qe1+
37.Kh2 g4 38.hxg4 fxg4 39.Qc8 Qh4+ 40.Kg1 Qe1+  1/2-1/2

[Event "2nd Maia Chiburdanidze Cup"]
[Site "Tbilisi GEO"]
[Date "2007.06.12"]
[Round "7"]
[White "Sanikidze,T"]
[Black "Kekelidze,M"]
[Result "1-0"]
[WhiteElo "2426"]
[BlackElo "2443"]

1.d4 d5 2.Nf3 Nf6 3.c4 c6 4.Nc3 dxc4 5.a4 Bf5 6.Ne5 e6 7.Bg5 Qb6 8.Nxc4 Qb4
9.Bxf6 gxf6 10.e3 Nd7 11.Ra3 O-O-O 12.Rb3 Qe7 13.Qf3 Bc2 14.Rxb7 Ne5 15.Nxe5 Qxb7
16.Qxc6+ Qxc6 17.Nxc6 Rd7 18.Bb5 Rc7 19.Kd2 Bb3 20.e4 Bc4 21.Nxa7+ Kb7 22.Bxc4 Rxc4
23.Nab5 Rb4 24.Rb1 Be7 25.b3 Rd8 26.Kc2 Rc8 27.Kb2 Rd8 28.Rd1 Kb6 29.f4 Rg8
30.g3 h5 31.d5 Bc5 32.dxe6 fxe6 33.f5 Rxb5 34.Nxb5 exf5 35.exf5 h4 36.gxh4 Rg2+
37.Kc3 Rxh2 38.Rd7 Rxh4 39.Rf7 Bb4+ 40.Kd3 Kc5 41.Rxf6 Rh3+ 42.Ke4 Rh4+ 43.Ke5 Rh3
44.Rg6 Re3+ 45.Kf6 Rxb3 46.Kg7 Rd3 47.f6 Kb6 48.f7+ Ka5 49.Rg4 Rd8 50.Nd4 Bf8+
51.Kf6 Rd6+ 52.Ne6 Ra6 53.Ke5 Bd6+ 54.Kd5 Be7 55.Rc4 Rd6+ 56.Ke5 Rd1 57.Nd4 Bf8
58.Ke6 Re1+ 59.Kf6 Be7+ 60.Kf5 Rf1+ 61.Ke6 Re1+ 62.Kd7 Ba3 63.Ne6 Rd1+ 64.Rd4 Rf1
65.Rf4 Rd1+ 66.Kc7 Rc1+ 67.Kb7 Re1 68.Nd8 Rb1+ 69.Ka7 Bc5+ 70.Ka8 Bf8 71.Rc4 Rf1
72.Ne6 Ba3 73.Kb7 Rb1+ 74.Ka7 Re1 75.Nd8  1-0

[Event "ch-NED w"]
[Site "Hilversum NED"]
[Date "2007.06.21"]
[Round "3"]
[White "Bensdorp,M"]
[Black "Hamelink,D"]
[Result "0-1"]
[WhiteElo "2227"]
[BlackElo "2220"]

1.d4 d5 2.c4 c6 3.Nf3 Nf6 4.Nc3 dxc4 5.a4 Bf5 6.e3 e6 7.Bxc4 Bb4 8.Ne5 Nbd7
9.Nxd7 Nxd7 10.O-O Bg6 11.f3 O-O 12.Qb3 Qe7 13.Rd1 Nb6 14.Bf1 Rac8 15.a5 Na8
16.Ne2 f6 17.Nf4 Bf7 18.Bc4 Nc7 19.Nd3 Bd6 20.Qxb7 Rb8 21.Qxc6 Be8 22.Qe4 f5
23.Bxe6+ Nxe6 24.Qd5 Kh8 25.b4 Nc7 26.Qa2 Bf7 27.Qf2 Nd5 28.Bd2 Nxb4 29.Bxb4 Bxb4
30.Nxb4 Rxb4 31.Re1 Rfb8 32.e4 fxe4 33.fxe4 Rb2 34.Qf4 Bg8 35.Rac1 Rf8 36.Qg3 Qb4
37.d5 Rf6 38.Qe3 Qxa5 39.Rf1 Qa2 40.Rxf6 Rxg2+ 41.Kf1 gxf6 42.Qf3 Rg6 43.Qf2 Qa6+
44.Ke1 Qd3  0-1

[Event "11th Master Open"]
[Site "Voronezh RUS"]
[Date "2007.06.21"]
[Round "9"]
[White "Bocharov,D"]
[Black "Amonatov,F"]
[Result "1/2-1/2"]
[WhiteElo "2614"]
[BlackElo "2574"]

1.d4 d5 2.c4 c6 3.Nf3 Nf6 4.Nc3 dxc4 5.a4 Bf5 6.Ne5 e6 7.f3 c5 8.e4 Bg6 9.Be3 cxd4
10.Qxd4 Qxd4 11.Bxd4 Nfd7 12.Nxd7 Nxd7 13.Bxc4 Rc8 14.Bb5 a6 15.Bxd7+ Kxd7
16.Ke2 f6 17.Rhd1 Ke8 18.Bb6 Bc5 19.Bxc5 Rxc5 20.Rd6 Ke7 21.Rad1 Be8 22.R6d3 a5
23.Ke3 Bc6 24.Nb5 Rc8 25.Na7 Rc7 26.Nxc6+ R5xc6 27.R1d2 Rc4 28.b3 Rc3 29.h4 h5
30.Kf4 Rxd3 31.Rxd3 e5+ 32.Ke3 Rc2 33.g4 g6 34.gxh5 gxh5 35.Rd5 Rc3+ 36.Kf2 Rxb3
37.Rxa5 Kf7 38.Ra8 b5 39.a5 Ra3 40.a6 Kg7 41.Ke2 b4 42.a7 Kh7 43.Kd2 Kg7
44.Kd1 Ra1+ 45.Ke2 Ra3 46.Kd2 Kh7 47.Rf8 Rxa7 48.Rxf6 Ra3 49.Ke2 b3 50.Rb6 Kg7
51.Kd3 b2+ 52.Kc4 Rxf3 53.Rxb2 Rf4 54.Kd5 Rxh4 55.Kxe5 Rh1 56.Ke6 h4 57.e5 h3
58.Ke7 Re1 59.e6 Kg6 60.Kd7 Kf5  1/2-1/2

[Event "Open"]
[Site "Pula CRO"]
[Date "2007.06.25"]
[Round "3"]
[White "Lacrosse,M"]
[Black "Jovanic,O"]
[Result "0-1"]
[WhiteElo "2313"]
[BlackElo "2488"]

1.d4 d5 2.c4 c6 3.Nf3 Nf6 4.Nc3 dxc4 5.a4 Bf5 6.Ne5 Nbd7 7.Nxc4 Nb6 8.Ne5 a5
9.f3 Nfd7 10.Nxd7 Nxd7 11.e4 Bg6 12.f4 e6 13.Qf3 Nf6 14.d5 Bb4 15.dxe6 fxe6
16.e5 Nd5 17.Bd2 Qb6 18.Bc4 Qd4 19.Bxd5 cxd5 20.Qe3 Qc4 21.Nb5 O-O 22.Nd4 Bc5
23.Bc3 Be4 24.Rf1 Bxg2 25.Rg1 Bxd4 26.Bxd4 Be4 27.Rf1 Rac8 28.Bc3 Bg6 29.Bxa5 d4
30.Qd2 Qd5 31.Bb6 d3  0-1

[Event "Open"]
[Site "Pula CRO"]
[Date "2007.06.27"]
[Round "6"]
[White "Tratar,M"]
[Black "Nikolov,Sas"]
[Result "1/2-1/2"]
[WhiteElo "2476"]
[BlackElo "2378"]

1.d4 Nf6 2.Nf3 d5 3.c4 c6 4.Nc3 dxc4 5.a4 Bf5 6.Ne5 e6 7.g3 Bb4 8.Bg2 Ne4
9.Bxe4 Bxe4 10.O-O Bg6 11.Nxc4 O-O 12.Qb3 a5 13.Rd1 Na6 14.Ne5 Qe7 15.e4 Bd6
16.Nxg6 fxg6 17.e5 Bb4 18.Ne4 Nc7 19.Bd2 Nd5 20.Bxb4 axb4 21.h4 Ra5 22.Qc2 Rfa8
23.b3 Rf8 24.Rd3 Raa8 25.Rc1 h6 26.Qe2 Kh7 27.Rd2 Rad8 28.Qd3 Rf5 29.Nd6 Rh5
30.Re1 Rf8 31.Re4 Rd8 32.Rg4 Rf5 33.h5 Kg8 34.Nxf5 gxf5 35.Rg6 Qd7 36.Qc4 b5
37.Qc5 bxa4 38.bxa4 Ne7 39.Qxb4 Kf7 40.a5 Nxg6 41.hxg6+ Kxg6 42.a6 Qa7 43.Qc4 Qd7
44.a7 Ra8 45.Ra2 Kf7 46.Qc5 Qb7 47.Kh2 Qb5 48.Qd6 Qb7 49.Qc5 Qb5 50.Qa3 Qb6
51.Qa4 Qb5 52.Qc2 Qb6 53.Rb2 Qc7 54.Qc5 Rxa7 55.Rb6 Qe7 56.Qxc6 Rc7 57.Qb5 Rd7
58.Qc6 Rc7 59.Qf3 Rd7 60.Qh5+ Kf8 61.Qg6 Qe8 62.Qxe8+ Kxe8 63.Rxe6+ Kf7 64.Ra6 Rxd4
65.f4 Ke7 66.Ra7+ Kf8 67.Kh3 g5 68.fxg5  1/2-1/2